México : riqueza y miseria : dos ensayos /

Сохранить в:
Библиографические подробности
Главный автор: Aguilar M., Alonso (autor)
Другие авторы: Carmona, Fernando (autor) (autor)
Формат:
Язык:испанский
Опубликовано: México : Nuestro Tiempo, 1970, c1970
Редактирование:4a edición
Серии:(Los Grandes Problemas Nacionales)
Предметы:
Метки: Добавить метку
Нет меток, Требуется 1-ая метка записи!

MARC

LEADER 00000nam^a2200000^a^4500
001 000401663
005 20250521000000.0
009 20260310121652.204
037 |a Acervo Xavier Clavigero 
041 |a ESP 
082 |a 330. 972  |b AGU 
100 |a Aguilar M., Alonso  |e (autor) 
245 1 0 |a México :  |b riqueza y miseria : dos ensayos /  |c A. Aguilar M., F. Carmona. 
250 |a 4a edición  |b aumentada 
264 4 |a México :  |b Nuestro Tiempo,  |c 1970, c1970 
300 |a 242 p. 
336 |a texto  |b txt  |2 rdacontenido 
337 |a sin mediación  |b n  |2 rdamedio 
338 |a volumen  |b nc  |2 rdasoporte 
440 5 |a (Los Grandes Problemas Nacionales) 
561 |a Ex libris de Servicios Educativos de Occidente 
649 |a XX 
650 |a Pobreza -  |z México -  |x Tema Principal 
650 |a Riqueza -  |z México -  |x Tema Principal 
650 |a Centralización y Descentralización -  |z México 
650 |a Ahorro -  |z México 
650 |a Inversiones -  |z México 
650 |a Política Económica -  |z México 
650 |a Economía 
650 |a México -  |x Condiciones Económicas 
650 |a México -  |x Historia -  |y 1964-1970 
700 |a Carmona, Fernando  |e (autor) 
910 |a Fondo General 
920 |a Impresos - Libros 
930 |a Colección General 
905 |a 101 
901 |a 005851  |b IT1  |c ACC  |u 20250521 
902 |a https://opac.biblio.iteso.mx/vufind/Record/000401663